Priestorové efekty v regionálnych inovačných aktivitách
Úloha územných účinkov v inovačných procesoch v 245 regiónoch NUTS-2 Európskej únie (EÚ) na obdobie rokov 2008 - 2012. Hypotéza priestorovej autokorelácie a nehomogénne reakcie inovačného výstupu na zmeny inovačných vstupov naprieč skupinami regiónov (hypotéza priestorovej heterogenity).
Gespeichert in:
| 1. Verfasser: | |
|---|---|
| Format: | Buchkapitel |
| Sprache: | Slowakisch |
| Schlagworte: | |
| Tags: |
Keine Tags, Fügen Sie das erste Tag hinzu!
|
MARC
| LEADER | 00000naa a2200000 4500 | ||
|---|---|---|---|
| 001 | 0264001 | ||
| 005 | 20240502083758.6 | ||
| 041 | 0 | |a slo | |
| 044 | |a CZ | ||
| 245 | 1 | 0 | |a Priestorové efekty v regionálnych inovačných aktivitách |c Andrea Furková |
| 520 | |a Úloha územných účinkov v inovačných procesoch v 245 regiónoch NUTS-2 Európskej únie (EÚ) na obdobie rokov 2008 - 2012. Hypotéza priestorovej autokorelácie a nehomogénne reakcie inovačného výstupu na zmeny inovačných vstupov naprieč skupinami regiónov (hypotéza priestorovej heterogenity). | ||
| 610 | 2 | 0 | |a inovácia |
| 610 | 2 | 0 | |a regióny |
| 610 | 2 | 0 | |a Európska únia |
| 610 | 2 | 0 | |a korelácia |
| 100 | 1 | |a Furková, Andrea, 1975- | |